000 00995nam0a22002411 4500
001 rc\610377
005 20260406123311.0
035 _a(NLR Aleph) 005854126
090 _a5809744
_c5809744
100 _a20031121d1986 |||y0rusy50 ca
101 0 _arus
102 _aRU
105 _ay |||||||||
200 1 _aСистема ведения сельского хозяйства в Северной Осетии
_fСев.-Кавк. НИИ горн. и предгорн. сел. хоз-ва
_g[Х.А. Колиев и др.]
210 _aОрджоникидзе
_cИр
_d1986
215 _a213, [3] с.
_d20
702 1 _aКолиев
_bХ.А.
_gХаджимурза Агубеевич
_4220
712 0 2 _aСеверо-Кавказский НИИ горного и предгорного сельского хозяйства
_cОрджоникидзе
_3RU\NLR\AUTH\8816047
_9305222
801 0 _aRU
_bNLR
_gpsbo
801 1 _aRU
_bELAR
_2rusmarc
852 _aNLR
_j86-3/10949
942 _cBOOK
980 _aNB